Drake's biggest songs - Statistics

General Stats
  • This quiz has been taken 40 times
  • The average score is 6 of 10
Answer Stats
From the album Answer % Correct
Scorpion God's Plan
90%
Views One Dance
90%
Views Hotline Bling
73%
More Life Passionfruit
70%
Scorpion In my Feelings
50%
Scorpion Nice for what
50%
Dark Lane Demo Tapes Toosie Slide
43%
Scorpion Nonstop
33%
Views Too Good
33%
More Life Fake Love
17%
No matching quizzes found
Score Distribution
Percent of People with Each Score
Percentile by Number Answered
Your Score History
You have not taken this quiz